| 000 | 00562nam a2200217Ia 4500 | ||
|---|---|---|---|
| 005 | 20250508165109.0 | ||
| 008 | 008 250505s9999 xx 000 0 hin d | ||
| 037 | _aTextual | ||
| 040 |
_aFEDL _beng _cFEDL |
||
| 041 |
_ahin _2eng |
||
| 084 |
_a510, TIW _qFEDL |
||
| 100 | _aTiwari Ramchandra | ||
| 245 | 0 | _aGanit ki kahani | |
| 260 |
_aNew Delhi, India _bVigyan Bharti _c1991 |
||
| 300 | _a48p. | ||
| 365 |
_aINR _b20 |
||
| 546 | _aMACESE | ||
| 700 |
_a Tiwari Sriprakash _9779875 |
||
| 942 |
_cTEXL _h510, TIW |
||
| 999 |
_c1393141 _d1393141 |
||